| 000 | 00611nam a22001817a 4500 | ||
|---|---|---|---|
| 003 | OSt | ||
| 005 | 20251203170536.0 | ||
| 008 | 251203b |||||||| |||| 00| 0 eng d | ||
| 020 | _a0-536-58706-x. | ||
| 040 |
_aDWCL-Main lib _cOC |
||
| 082 |
_22nd ed. _aCirc. 657 C592 1994 |
||
| 100 | _aClark, Erlinda T. | ||
| 245 |
_aStudent's resource manual on selected topics in intermediate accounting/ _cClark, Erlinda T. |
||
| 260 |
_aM A : _bSimon & Schuster Custom Publishing, _cc1994. |
||
| 300 |
_a342 p. : _bill. ; _c27 cm. |
||
| 650 | _aAccounting-Handbooks, manuals, etc. | ||
| 942 |
_2ddc _cBK-CIRC _e2nd ed. _kCirc. _n0 |
||
| 999 |
_c6785 _d6785 |
||